أختاه أيتها الأمل / (رقم التسجيلة. 72997)

تفاصيل مارك
000 -الفاتح
عناصر البيانات ثابتة الطول 00542cam a2200169 i 4500
005 - تاريخ ووقت آخر معاملة
حقل ضبط 20260205114731.0
008 - عناصر البيانات ثابتة الطول
عناصر البيانات ثابتة الطول 250721s1985 le gr 000 f ara d
082 14 - رقم تصنيف ديوي العشري
رقم التصنيف ق
رقم المادة ب د ي
100 1# - مدخل رئيسي – اسم شخصي
الاسم الشخصي بدوي، أحمد
علاقة الشخص بالعمل/ دوره مؤلف.
245 10 - بيان العنوان
العنوان أختاه أيتها الأمل /
بيان المسؤولية أحمد بدوي.
250 ## - بيان الطبعة
بيان الطبعة الطبعة العاشرة.
264 31 - بيانات النشر، التوزيع…إلخ
مكان النشر، التوزيع...إلخ بيروت :
اسم الناشر، الموزع...إلخ مؤسسة الرسالة للنشر،
تاريخ النشر، التوزيع...إلخ 1985.
300 ## - الوصف المادي
عدد الوحدات المكونة للوعاء 221 صفحة.
650 17 - مدخل إضافي بالموضوع - مصطلح موضوعي
مصطلح موضوعي أو اسم جغرافي كعنصر مدخل القصص العربية.
942 ## - بيانات إضافية (كوها)
نوع التنصيف Dewey Decimal Classification
نوع المادة (كوها) كتب
المقتنيات
حالة السحب حالة الفقدان مصدر التصنيف حالة التلف غير قابل للإعارة المكتبة الرئيسية المكتبة الحالية موقع الرف تاريخ التزويد الرقم المتسلسل Total Checkouts رقم الإستدعاء الباركود تاريخ آخر ظهور تاريخ الفاتورة نوع المادة (كوها)
    Dewey Decimal Classification     المكتبة المركزية المكتبة المركزية الإعارة 08/10/2015 1613411   ق / ب د و PLD00353659 28/07/2025 08/10/2015 كتب
    Dewey Decimal Classification     مكتبة صويلح العامة مكتبة صويلح العامة الإعارة 14/07/2019 0002387   ق/بدو PLD00457372 28/07/2025 14/07/2019 كتب
Implemented & Customized by: BBB with SCIT (Smart Chains for Information Technology)

Powered by Koha